000 003730000a22001210004500
100 1 _aComité Editorial El Eafitense
245 1 0 _aLa teoría garantista de Luigi Ferajoli: una apuesta por la racionalidad del Derecho
300 _aVol.0, núm.90 (2006), Páginas 12-15
500 _aProyección
650 1 4 _aDERECHO CONSTITUCIONAL
773 0 _tEl eafitense
942 _cANA
999 _c62820
_d62820